01162cam a22002651 450000100060000000300080000600500170001400800390003103500190007003500180008904000320010704100080013908200200014710000400016724500780020726000580028530000240034350002500036750400200061765000270063770000620066494200120072699900170073895201410075530845BD-RjUL20211209051626.0140412s1911 stk 001 0 eng a(BD-RjUL)30932 a(OCoLC)399308 aDLCcOAUdDLCdDLCbBD-RjUL aeng a160.9bADS 19111 aAdamson, Robert.d1852-1902.99369502aA short history of logic /cby Robert Adamson ... ed. by W. R. Sorley ... aEdinburgh and London :bW. Blackwood and sons,c1911. ax, 266 p. ;c20 cm. aThe history of logic appeared in somewhat abbreviated form as the article Logic in the ninth edition of the Encyclopedia britannica. Of the four supplementary articles the one on Category also appeared in the Encyclopedia britannica. cf. Pref. aIncludes Index. 0aLogicxHistory.9936961 aSorley, W. R.q(William Ritchie),d1855-1935,eed.993697 2ddccBK c30845d30845 00102ddc40718NFICaRUCLbRUCLcReadingd1973-10-11eUS govt Gift.g0.00l0o160.9 ADS 1911r2014-04-12 00:00:00tC-1w2014-04-12yBK